000
00320nam a22001337a 4500
003
ASAB
005
20180827062642.0
008
160620t xxu||||| |||| 00| 0 eng d
020
_a
978-969-562-388-6
040
_c
ASAB
245
_a
Humary Bohat hi piyary Quaid-i-Azam (1939-48)
300
_a
144 p.
942
_2
ddc
_c
BK
999
_c
480133
_d
480133